000 00735nam a2200241Ia 4500
003 OSt
005 20220926011944.0
006 a|||||r|||| 00| 0
007 ta
008 220923b |||||||| |||| 00| 0 eng d
037 _cGeneral Book
040 _aRTL
_cRTL
_beng
041 _2eng
_aeng
082 _aX:82, J6
100 _aDooher M. J. Ed.
_9298990
245 0 _aKey problems in human relations
_b with a paper on l
260 _aNew York
_bAmerican Management Association U. S. A.
_c1956
300 _a44p.
_ccm.
490 _aAmerican Management Association, General Management Series, 181.
650 _aTop Management
942 _hX:82, J6
_cGB
_2CC
999 _c621341
_d621341